Seas bordering Russia - Statistics

General Stats
  • This quiz has been taken 261 times
  • The average score is 9 of 14
Answer Stats
Hint Answer % Correct
Black Sea
87%
Baltic Sea
86%
Bering Sea
82%
Caspian Sea
79%
Sea of Japan
76%
White Sea
70%
Barents Sea
65%
Sea of Okhotsk
64%
Kara Sea
58%
Laptev Sea
56%
Sea of Azov
56%
East Siberian Sea
52%
Chukchi Sea
45%
Pechora Sea
31%
No matching quizzes found
Score Distribution
Percent of People with Each Score
Percentile by Number Answered
Your Score History
You have not taken this quiz